=LDR 00000nam 2200000 4500 =001 INLIS000000000027638 =005 20140702112335.0 =006 =007 =008 Ind =035 ##$$a 0010-061300000027638 =041 ##$$a Ind =082 ##$$a 621.31 =090 ##$$a 621.31, Ari t =100 ##$$a Arismunandar, Artono =245 ##$$a Teknik tegangan tinggi, Artono Aris Munandar =260 ##$$a 2001 $b Jakarta =300 ##$$a xii,170 hlm, ilus, 30 cm =650 ##$$a Teknik listrik =850 ##$$a NBPNMAT =990 ##$$a 21194832/BPAP-NTB/2014 =990 ##$$a 21400613/BPAP-NTB/20142014 =990 ##$$a 21194832/BPAP-NTB/2014 =990 ##$$a 21400613/BPAP-NTB/20142014 =990 ##$$a 21194832/BPAP-NTB/2014 =990 ##$$a 21400613/BPAP-NTB/20142014 =990 ##$$a 21194832/BPAP-NTB/2014